Newnes control engineering pocket book /
Uloženo v:
| Hlavní autor: | |
|---|---|
| Médium: | Kniha |
| Jazyk: | English |
| Vydáno: |
Oxford :
Newnes,
1998.
|
| Témata: | |
| Tagy: |
Přidat tag
Žádné tagy, Buďte první, kdo otaguje tento záznam!
|
| Thư viện lưu trữ: | Mạng thư viện Đại học Đà Nẵng |
|---|
| LEADER | 00790cam a2200313 i 4500 | ||
|---|---|---|---|
| 001 | 000046256 | ||
| 003 | 5715 | ||
| 005 | 20030306133335.0 | ||
| 008 | 010220|1998 vm 000 eng | ||
| 020 | |a 0750639288 | ||
| 040 | |a IRC |c IRC |d IRC | ||
| 041 | 0 | |a eng | |
| 082 | 1 | 4 | |a 629.8 |b BO-W |
| 100 | 1 | |a Bolton, W. |q (William), |d 1933- | |
| 245 | 0 | 0 | |a Newnes control engineering pocket book / |c W. (William) Bolton. |
| 260 | |a Oxford : |b Newnes, |c 1998. | ||
| 300 | |a vii, 294p. : |b ill. | ||
| 630 | 0 | 4 | |a Automatic control. |
| 650 | 0 | 4 | |a Automatic control. |
| OWN | |a DUT | ||
| 999 | |a From the UDN01 | ||
| TYP | |a Monograph | ||
| TYP | |a Printed language | ||
| 980 | |a Mạng thư viện Đại học Đà Nẵng | ||


